[Event "Metz op-B 29th"]
[Site "Metz"]
[Date "2011.05.03"]
[Round "2"]
[White "Schmidt, Alain"]
[Black "N'Guyen, Emilien"]
[Result "1/2-1/2"]
[WhiteElo "1866"]
[BlackElo "1781"]
[PlyCount "55"]
[EventDate "2011.05.02"]
[EventType "swiss"]
[EventRounds "9"]
[EventCountry "FRA"]
[SourceTitle "EXT 2013"]
[Source "ChessBase"]
[SourceDate "2012.11.22"]
[SourceVersion "1"]
[SourceVersionDate "2012.11.22"]
[SourceQuality "1"]

1. d4 d5 2. Nf3 Nc6 3. Bf4 Nf6 4. h3 Bf5 5. c3 e6 6. e3 a6 7. Bd3 Bxd3 8. Qxd3 Na5 9. Nbd2 c5 10. dxc5 Nc6 11. b4 Nd7 12. Bg3 b6 13. cxb6 Qxb6 14. 0-0 Be7 15. Rab1 0-0 16. a3 Nf6 17. c4 dxc4 18. Nxc4 Qb7 19. Rfc1 Rfd8 20. Qe2 Ne4 21. Bh2 Rd5 22. Nce5 Nxe5 23. Bxe5 Rc8 24. Ba1 Rxc1+ 25. Rxc1 a5 26. Qc4 axb4 27. axb4 Qxb4 28. Qxb4 1/2-1/2

[Event "Metz op-B 29th"]
[Site "Metz"]
[Date "2011.05.03"]
[Round "3"]
[White "Vaillant, Stephane"]
[Black "Schmidt, Alain"]
[Result "1-0"]
[WhiteElo "1998"]
[BlackElo "1866"]
[PlyCount "79"]
[EventDate "2011.05.02"]
[EventType "swiss"]
[EventRounds "9"]
[EventCountry "FRA"]
[SourceTitle "EXT 2013"]
[Source "ChessBase"]
[SourceDate "2012.11.22"]
[SourceVersion "1"]
[SourceVersionDate "2012.11.22"]
[SourceQuality "1"]

1. d4 d5 2. Nf3 Nf6 3. c4 c6 4. Nc3 e6 5. cxd5 exd5 6. Bg5 Be7 7. e3 Bf5 8. Bd3 Ne4 9. Bxe7 Qxe7 10. Qc2 Nd7 11. 0-0 Bg6 12. Rae1 0-0 13. Nd2 f5 14. f3 Nxc3 15. bxc3 Rae8 16. f4 Nf6 17. Nf3 Ne4 18. Ne5 Qa3 19. c4 Nd6 20. c5 Ne4 21. Rb1 Re7 22. Rb3 Qa5 23. Bxe4 fxe4 24. Rfb1 Bf5 25. Qb2 Bc8 26. Ra3 Qd8 27. Rxa7 g5 28. fxg5 Rg7 29. g6 Qg5 30. Qd2 hxg6 31. Ra8 Qf6 32. Qe1 g5 33. Rb2 Qh6 34. Rf2 Re8 35. Ng4 Qg6 36. Nf6+ Kh8 37. Nxe8 Qxe8 38. Rf6 Kh7 39. Qf2 Qd7 40. Rf8 1-0